00715 2200181 4500001002100000005001700021035002400038040001200062082001000074084002000084110003900104245020500143260008000348300003600428650003600464850001200500990002100512YOGYA00000000009615320170504124021.0 0010-081400000095870 aYOPDYOG a602.1 aDEP 602.1 Bad S aBADAN PUSAT STATISTIK (Yogyakarta) aStatistik industri besar dan sedang Propinsi D.I. Yogyakarta 1999 = large and medium manufacturing statistics D.I. Yogyakarta Province 1999c/ Badan Pusat Statistik Propinsi Daerah Istimewa Yogyakarta aYogyakartabBadan Pusat Statistik Propinsi Daerah Istimewa Yogyakartac2001 axxv, 36 hlm.b: ilus.c; 29 cm. aIndustri, statistikzYogyakarta aYOPDYOG aCB-D.11/2001-621